| 000 | 00969nam a2200229Ia 4500 | ||
|---|---|---|---|
| 003 | Ost | ||
| 005 | 20260507075345.0 | ||
| 008 | 260507s9999||||xx |||||||||||||| ||und|| | ||
| 040 | _cfsecg | ||
| 041 | _aara | ||
| 100 |
_aأيكة، فينسيل _eمؤلف |
||
| 245 | 0 |
_aالاقتصاد البيئي : _bكيف يغير أسلوب الحياة الأخضر الأسواق والمستهلكين / _c فينسيل أيكة |
|
| 260 |
_aالقاهرة: _bمجموعة النيل العربية, _c2011 |
||
| 300 |
_a239 صفحة؛ _bإيضاحات ؛ _c24 سم |
||
| 520 | _aالإتجاهات البيئية الجديدة-الإقتصاد البيئي-الأسواق الرئيسية للإقتصاد البيئي | ||
| 653 | _aالإقتصاد | ||
| 653 | _aالبيئة | ||
| 653 | _aالتنمية البيئية | ||
| 700 |
_aراوخ، كريستيان _eمؤلف ثانوي |
||
| 700 |
_aكيريج، آنيا _eمؤلف ثانوي |
||
| 942 | _cكتاب | ||
| 999 |
_c44110 _d44110 |
||